Marques de voitures 2024 - Statistiques

Statistiques générales
  • Ce quiz a été pris 413 fois
    185 depuis la dernière actualisation
  • Le résultat moyen est 41 sur 158
Statistiques - réponses
Marques % Correct
Ferrari
90%
Renault
90%
BMW
88%
Peugeot
87%
Citroën
86%
Audi
85%
Mercedes
85%
Lamborghini
80%
Porsche
80%
Toyota
79%
Fiat
78%
Ford
76%
Nissan
76%
Alpine
74%
Bugatti
73%
Honda
69%
Volkswagen
69%
Aston Martin
68%
Chevrolet
67%
Hyundai
66%
Alfa Romeo
64%
Opel
64%
Dacia
63%
Seat
61%
Bentley
59%
Jaguar
58%
Kia
58%
McLaren
57%
Tesla
57%
Volvo
57%
Jeep
56%
Maserati
56%
Skoda
56%
Mitsubishi
55%
Suzuki
55%
Dodge
54%
Land Rover
54%
Rolls Royce
54%
Mini
51%
Cadillac
49%
Lexus
47%
Subaru
47%
Lotus
43%
Cupra
39%
Koenigsegg
39%
Lancia
39%
MG
39%
Lada
37%
DS
36%
Mazda
35%
Pagani
34%
GMC
33%
Pontiac
33%
Chrysler
32%
Infiniti
32%
Smart
31%
Acura
27%
Saab
27%
Tata
27%
KTM
25%
BYD
22%
Lincoln
22%
Buick
19%
Daihatsu
19%
Hummer
19%
Rimac
19%
Rover
19%
Ssangyong
18%
Isuzu
17%
Morgan
17%
Zenvo
17%
DMC
15%
Vauxhall
15%
De Tomaso
14%
AMC
12%
Triumph
12%
Ariel
11%
Datsun
11%
Polestar
11%
TVR
11%
Aiways
10%
Daewoo
10%
Fisker
10%
Plymouth
10%
Saleen
10%
Saturn
10%
Apollo
9%
Mercury
9%
Noble
9%
Oldsmobile
9%
Pininfarina
9%
Austin Healey
8%
Catheram
7%
GTA Spano
7%
Holden
7%
Wiesmann
7%
W Motors
7%
Ascari
6%
BAC
6%
Delage
6%
Donkervoort
6%
GMA
6%
Gumpert
6%
Lola
6%
Lucid
6%
Nio
6%
PGO
6%
Scion
6%
SSC North America
6%
Ultima
6%
777
5%
Lynk&Co
5%
Reliant
5%
Vuhl
5%
Aspark
4%
Dallara
4%
Hispano-Suiza
4%
Karma
4%
Mazzanti
4%
Mosler
4%
Polaris
4%
Radical
4%
Arash
3%
Aria
3%
Artega
3%
Ginetta
3%
Hommell
3%
Marussia
3%
Peel
3%
SCG (Glickenhaus)
3%
Tushek
3%
ATS
2%
Chaparral
2%
Czinger
2%
Devel
2%
Jannarelly
2%
Jidé
2%
Laraki
2%
Local Motors
2%
McMurtry
2%
Mitsuoka
2%
Picasso Automotive
2%
Raesr
2%
Rezvani
2%
Vector
2%
Cizeta
1%
Dendrobium
1%
Drako
1%
FV Frangivento
1%
Human Horizons
1%
Iso Rivolta
1%
Meyers
1%
Ora
1%
Pambuffetti
1%
Panoz
1%
Praga
1%
Laffite
0%
Qoros
0%
Aucun quiz correspondant
Distribution des résultats
% des personnes avec chaque résultat
Percentile par nombre de réponses
Votre historique - résultats
Vous n’avez pas pris ce quiz depuis la dernière actualisation